000 00454nam a22001697a 4500
005 20180205155246.0
008 160428b xxu||||| |||| 00| 0 eng d
020 _a81-7515257-5
041 _aeng
082 _b00609
_a005.1
100 _aHorowitz, Ellis and others
_94083
245 _aFundamentals of Computer Algorithms
260 _aNew Delhi
_bGalgotia Publ. Pvt. Ltd.
_c2004
300 _a769
650 _aInformation Technology
_9137
942 _cBK
999 _c174
_d174